000 00563nam a2200217Ia 4500
005 20230524134130.0
008 131103s9999 xx 000 0 und d
040 _aLoreto College
041 _aEnglish
082 _a824.8
_bJAM-LOW
100 _aJames, Henry
245 _aEnglish hours
_cHenry James; edited by Alma Louise Lowe
260 _aLondon
_bHeinemann
_c1960
300 _a250p.
504 _aIncludes Index
650 _aEnglish Essays
651 _aEnglish literature
700 _aLouise Lowe, Alma; ed.
850 _aLCLIB
942 _cBK
999 _c22643
_d73122